000 00554nam a22001697a 4500
005 20251108170919.0
008 250721s1996 xx 000 0 ara d
082 1 4 _a641.4/محم
100 1 _aطبيشات، محمد
245 1 0 _aدليل حفظ الأغذية في البيوت :
_bالتجفيف -التجميد - المخللات - المربيات - الألبان و الأجبان /
264 1 _aإربد :
_c1996.
300 _a110ص
650 1 7 _aحفظ الأغذية
650 1 7 _aالأغذية
942 _2ddc
_cBK
999 _c51983
_d51983